| 000 | 00783nam a2200193Ia 4500 | ||
|---|---|---|---|
| 003 | Ost | ||
| 005 | 20260507075557.0 | ||
| 008 | 260507s9999||||xx |||||||||||||| ||und|| | ||
| 040 | _cfsecg | ||
| 041 | _aara | ||
| 082 | _a330 | ||
| 100 |
_aناصف، ايمان عطية _eمؤلف |
||
| 245 | 0 |
_aالنظرية الاقتصادية الجزئية / _c ايمان عطية ناصف |
|
| 260 |
_aالاسكندرية: _bالمكتب الجامعي الحديث, _c2006 |
||
| 300 |
_a400 صفحة؛ _bإيضاحات ؛ _c24 سم |
||
| 520 | _aتوازن السوق اضافة الى نظرية السلوك المستهلك وكذا توازن الوحدة الانتاجية و اخيرا نظرية التوزيع. | ||
| 653 | _aالاقتصاد الجزئي | ||
| 942 | _cكتاب | ||
| 999 |
_c44978 _d44978 |
||